000 00857nam a22002657a 4500
003 OSt
005 20260317161527.0
007 a
008 260317b |||||||| |||| 00| 0 eng d
020 _a9789868631519
040 _aFoundation University
_beng
_cFoundation University
_dFULib
_erda
050 _aNB 1115
_b.2010 W36
100 _aWang, Zhan,
_eartist.
_915352
245 0 0 _aZhan Wang.
260 _aTaiwan :
_bEslite gallery,
_c2010.
264 _42010.
300 _3resource
_a72 pages :
_bcolor illustrations ;
_c28 cm.
_fvolume
336 _2rdacontent
_atext
_btxt
337 _2rdamedia
_aunmediated
_bn
338 _2rdacarrier
_3resource
_avolume
_bnc
546 _aTaiwanese and English
600 _aWang, Zhan
_d1962-
_915353
650 _2LC
_aSculpture
_vExhibitions.
_915354
942 _2lcc
_cBK
_hNB 1115
_i.2010 W36
_k(DAFA-FA)
_n0
999 _c5690
_d5690